<?xml version='1.0' encoding='UTF-8'?>
  <record xmlns="http://www.loc.gov/MARC21/slim">
    <leader>00000cam a2200000 i 4500</leader>
    <controlfield tag="001">ocm67922450</controlfield>
    <controlfield tag="003">OCoLC</controlfield>
    <controlfield tag="005">20240726201419.7</controlfield>
    <controlfield tag="008">990628s1881    ne            000 0 dut d</controlfield>
    <datafield tag="040" ind1=" " ind2=" ">
      <subfield code="a">NLGGC</subfield>
      <subfield code="b">dut</subfield>
      <subfield code="e">fobidrtb</subfield>
      <subfield code="c">NLGGC</subfield>
      <subfield code="d">OCLCO</subfield>
      <subfield code="d">OCLCL</subfield>
      <subfield code="d">OCLCQ</subfield>
    </datafield>
    <datafield tag="029" ind1="0" ind2=" ">
      <subfield code="a">NLGGC</subfield>
      <subfield code="b">183425898</subfield>
    </datafield>
    <datafield tag="035" ind1=" " ind2=" ">
      <subfield code="a">(OCoLC)67922450</subfield>
    </datafield>
    <datafield tag="041" ind1="1" ind2=" ">
      <subfield code="a">dut</subfield>
      <subfield code="h">lat</subfield>
    </datafield>
    <datafield tag="100" ind1="1" ind2=" ">
      <subfield code="a">Tjaden, Sicco,</subfield>
      <subfield code="d">1693-1726.</subfield>
      <subfield code="1">https://id.oclc.org/worldcat/entity/E39PBJgCHhmWHvvPWrfctc3hHC</subfield>
    </datafield>
    <datafield tag="245" ind1="1" ind2="0">
      <subfield code="a">Eenige aantekeningen en alleenspraken betreffende meest het verborgen leven voor den Heere van den eerwaarden en godzaligen heer Sicco Tjaden ... /</subfield>
      <subfield code="c">uit de Latijnse handschriften van den overledene bijeenverz. en vert., waarbij komen nog vijftien opwekkende brieven, benevens eene kerkrede over Psalm XLII:12 door Joh. Hofstede.</subfield>
    </datafield>
    <datafield tag="246" ind1="3" ind2=" ">
      <subfield code="a">Kerk-rede uit Ps. XLII:12</subfield>
    </datafield>
    <datafield tag="246" ind1="3" ind2=" ">
      <subfield code="a">Lijkrede uit Joh. XI:11, bij gelegenheid van het overlijden van ... Sicco Tjaden ... overleden 28 Maart 1726</subfield>
    </datafield>
    <datafield tag="250" ind1=" " ind2=" ">
      <subfield code="a">Nieuwe uitg.</subfield>
    </datafield>
    <datafield tag="260" ind1=" " ind2=" ">
      <subfield code="a">'s-Gravenhage :</subfield>
      <subfield code="b">Van Golverdinge,</subfield>
      <subfield code="c">1881.</subfield>
    </datafield>
    <datafield tag="300" ind1=" " ind2=" ">
      <subfield code="a">XXVIII, 332 p. ;</subfield>
      <subfield code="c">8-o min.</subfield>
    </datafield>
    <datafield tag="336" ind1=" " ind2=" ">
      <subfield code="a">tekst</subfield>
      <subfield code="b">txt</subfield>
      <subfield code="2">rdacontent/dut</subfield>
    </datafield>
    <datafield tag="337" ind1=" " ind2=" ">
      <subfield code="a">zonder medium</subfield>
      <subfield code="b">n</subfield>
      <subfield code="2">rdamedia/dut</subfield>
    </datafield>
    <datafield tag="338" ind1=" " ind2=" ">
      <subfield code="a">band</subfield>
      <subfield code="b">nc</subfield>
      <subfield code="2">rdacarrier/dut</subfield>
    </datafield>
    <datafield tag="500" ind1=" " ind2=" ">
      <subfield code="a">Bevat ook met afzonderlijk titelblad, maar met doorlopende paginering: 1. Kerk-rede uit Ps. XLII:12 ... / gedaan door Sicco Tjaden. 2. Lijkrede uit Joh. XI:11, bij gelegenheid van het overlijden van ... Sicco Tjaden ... overleden 28 Maart 1726 ... / door Joh. Hofstede.</subfield>
    </datafield>
    <datafield tag="530" ind1=" " ind2=" ">
      <subfield code="a">Ook beschikbaar in microvorm.</subfield>
    </datafield>
    <datafield tag="600" ind1="1" ind2="4">
      <subfield code="a">Tjaden, Sicco,</subfield>
      <subfield code="d">1693-1726.</subfield>
      <subfield code="0">(NL-LeOCL)071603581</subfield>
    </datafield>
    <datafield tag="700" ind1="1" ind2=" ">
      <subfield code="a">Hofstede, Johannes,</subfield>
      <subfield code="d">1685-1736.</subfield>
      <subfield code="1">https://id.oclc.org/worldcat/entity/E39PBJjMx9cqGxmf3DdxKyQ8YP</subfield>
    </datafield>
    <datafield tag="758" ind1=" " ind2=" ">
      <subfield code="a">Eenige Aantekeningen En Alleen-Spraken Betreffende meest Het Verborgen Leven Voor den Heere ... Sicco Tjaden (Text)</subfield>
      <subfield code="1">https://id.oclc.org/worldcat/entity/E39PCFwqBbWQt4pxXrW3f8kr4m</subfield>
      <subfield code="4">https://id.oclc.org/worldcat/ontology/hasWork</subfield>
    </datafield>
    <datafield tag="936" ind1=" " ind2=" ">
      <subfield code="a">BATCHLOAD</subfield>
    </datafield>
  </record>